00372pab a2200133 454500008004000000100001500040245008800055260000900143300001500152362000800167650001400175700001800189773003100207180718b2013 xxu||||| |||| 00| 0 eng d aBalogh, V. aInstitution design in Hungary: A case study of unfair commercial practice directive c2013 ap.343-365. aSep aConsumers aCseres, K. J. aJournal of Consumer Policy